| 000 | 00477cam a2200205ua 4500 | ||
|---|---|---|---|
| 001 | 3614 | ||
| 005 | 20260515113715.0 | ||
| 008 | 111126n ii |||gr||||Z||||||eng | ||
| 020 | _a81-248-0013-8 | ||
| 040 | _cMAIN | ||
| 082 | _a823 | ||
| 100 | _aWoolh, Virginia, | ||
| 245 | 1 | 1 |
_aMrs Dalloway _cby Virginia Woolf |
| 250 | _a1st. | ||
| 260 |
_aNew Delhi: _bPeacock books,994. |
||
| 300 |
_a207p: _c23cm. |
||
| 653 | _aEnglish novel | ||
| 653 | _aMrs Dalloway | ||
| 942 | _cBK | ||
| 999 |
_c3453 _d3453 |
||